000 00292nam a22001337a 4500
999 _c157144
_d157144
020 _a
082 _a
_b
100 _aSubodh Kapoor
245 _aShort introduction to vaisnavism/
_cby Subodh Kapoor.
260 _aDelhi:
_bCosmo,
_c2008.
300 _a155p.
650 _a
942 _cBK